000 00935nam a2200265Ia 4500
003 OSt
005 20221005113432.0
006 a|||||r|||| 00| 0
007 ta
008 221004b |||||||| |||| 00| 0 pan d
020 _a9789387629363 (hbk)
_cINR 150.00
024 _a44689
037 _b1068, 22/02/2019, H.K. Prakashan
_cTextual
040 _aCRL
_cCRL
_bpan
041 _2pan
_apan
082 _aO153,1NJO2x, Q8
100 _aਜੋਧਾ, ਜਗਵਿੰਦਰ, ਂਚ.
245 0 _aਬੇਤਰਤੀਬੀਆਂ
260 _aਲੁਧਿਆਣਾ
_bਚੇਤਨਾ ਪ੍ਰਕਾFਨ ਭਾਰਤ
_c2018
300 _a80ਪ੍ਰ0
_ccm.
650 _a ਪੰਜਾਬੀ ਕਾਵਿ
650 _aਪੰਜਾਾਬੀ ਸਾਹਿਤ
942 _hO153,1NJO2x, Q8
_cTEXL
_2cc
999 _c1028167
_d1028167